The GIS book / (Record no. 180721)

000 -LEADER
fixed length control field 00703 a2200205 4500
003 - CONTROL NUMBER IDENTIFIER
control field Nust
005 - DATE AND TIME OF LATEST TRANSACTION
control field 20230126131835.0
010 ## - LIBRARY OF CONGRESS CONTROL NUMBER
LC control number 00061154
020 ## - INTERNATIONAL STANDARD BOOK NUMBER
International Standard Book Number 0766828204 (alk. paper)
040 ## - CATALOGING SOURCE
Transcribing agency Nust
082 00 - DEWEY DECIMAL CLASSIFICATION NUMBER
Classification number 910.285,KOR
100 1# - MAIN ENTRY--PERSONAL NAME
Personal name Korte, George.
9 (RLIN) 21810
245 14 - TITLE STATEMENT
Title The GIS book /
Statement of responsibility, etc. George B. Korte.
250 ## - EDITION STATEMENT
Edition statement 5th ed., updated and expanded.
260 ## - PUBLICATION, DISTRIBUTION, ETC.
Place of publication, distribution, etc. Australia ;
-- New York :
Name of publisher, distributor, etc. Onword Press
Date of publication, distribution, etc. c2001.
300 ## - PHYSICAL DESCRIPTION
Extent xi, 387 p. :
Other physical details ill. ;
Dimensions 24 cm.
505 ## - FORMATTED CONTENTS NOTE
Formatted contents note Part 1: Understanding GIS (Page-1), Part 2: Selecting and Implementing a GIS (Page-117), Part 3: Considerations for Making GIS Decision (Page-195).
650 #0 - SUBJECT ADDED ENTRY--TOPICAL TERM
Topical term or geographic name entry element Geographic information systems.
9 (RLIN) 6117
942 ## - ADDED ENTRY ELEMENTS (KOHA)
Source of classification or shelving scheme
Koha item type Book
Holdings
Withdrawn status Lost status Source of classification or shelving scheme Damaged status Not for loan Permanent Location Current Location Shelving location Date acquired Full call number Barcode Date last seen Price effective from Koha item type Public note
          Military College of Signals (MCS) Military College of Signals (MCS) General Stacks 12/12/2016 910.285,KOR MCS28451 12/08/2016 12/12/2016 Book Almirah No.58, Shelf No.6
© 2023 Central Library, National University of Sciences and Technology. All Rights Reserved.